000 00664nam a2200205 4500
001 174456
003 ES-MaACL
005 20230906215532.0
008 100423s1922 sp |||| | spa d
080 _a821.134.2-32"19"
100 1 _aCarrere, Emilio.
_935691
245 1 3 _aLa mala pasión
_b: novela de Emilio Carrère /
_c(ilustraciones de Máximo Ramos).
260 _aMadrid :
_bPrensa Gráfica,
_c1922.
300 _a62 p. :
_bil. ;
_c15 cm.
490 1 _aLa novela semanal ;
_vaño 2, n. 34
700 1 _aRamos, Máximo.
_9142570
830 0 _aLa novela semanal ;
_vaño 2, n. 34
_9189424
852 4 _aES-MaACL
_j2256-F-38
999 _c174456
_d174456